| 000 | 00439 a2200121 4500 | ||
|---|---|---|---|
| 001 | ART_3174 | ||
| 005 | 20260410161712.0 | ||
| 008 | 260409a | ||
| 245 | 1 | 0 | _aCapital industrial, desarrollo asociado y distribución del ingreso entre los dos gobiernos peronistas: 1950-1972 |
| 100 | 1 | _aGerchunoff, Pablo | |
| 700 | 1 | _aLlach, Juan José | |
| 773 | 0 |
_tDesarrollo económico _g- Vol. 15, Nº 57 (abr./jun. 1975) _wREV1174 |
|
| 999 |
_c16210 _d16210 |
||